BIOGRAPHICAL DICTIONARY OF BRITISH ECONO (Record no. 23447)
[ view plain ]
| 000 -LEADER | |
|---|---|
| fixed length control field | 00405nam a2200157Ia 4500 |
| 008 - FIXED-LENGTH DATA ELEMENTS--GENERAL INFORMATION | |
| fixed length control field | 240624s9999 xx 000 0 und d |
| 041 ## - LANGUAGE CODE | |
| Language code of text/sound track or separate title | eng |
| 082 ## - DEWEY DECIMAL CLASSIFICATION NUMBER | |
| Classification number | 413 RUT |
| 100 ## - MAIN ENTRY--PERSONAL NAME | |
| Personal name | RUTHERFORD DONALD |
| 245 ## - TITLE STATEMENT | |
| Title | BIOGRAPHICAL DICTIONARY OF BRITISH ECONO |
| 250 ## - EDITION STATEMENT | |
| Edition statement | (England ed.) |
| 260 ## - PUBLICATION, DISTRIBUTION, ETC. | |
| Date of publication, distribution, etc. | 2004 |
| Place of publication, distribution, etc. | England |
| Name of publisher, distributor, etc. | Thoemmes Continuum |
| 300 ## - PHYSICAL DESCRIPTION | |
| Extent | xxv, : 621 : p. : cm. ; 23 |
| 365 ## - TRADE PRICE | |
| Currency code | |
| Price amount | 25 |
| 440 ## - SERIES STATEMENT/ADDED ENTRY--TITLE | |
| Volume/sequential designation | 1 |
| Withdrawn status | Lost status | Damaged status | Not for loan | Home library | Current library | Shelving location | Date acquired | Source of acquisition | Cost, normal purchase price | Full call number | Barcode | Date last seen | Copy number | Price effective from | Koha item type |
|---|---|---|---|---|---|---|---|---|---|---|---|---|---|---|---|
| IMTN | IMTN | Rack 15-B | 10/10/2014 | MB | 235.00 | 413 RUT | 23447 | 06/24/2024 | 64.2 | 06/24/2024 | Books |